000 00560nam a2200205Ia 4500
003 GCL
008 140319s9999 xx 000 0 eng d
020 _a1850381569
040 _aGCL /
_cGCL
082 0 4 _aCH
_b823
_bS G
100 1 _aSWIFT, JONATHAN
245 1 0 _aGULLIVER'S TRAVELS :
_bA BRIDGED /
_cSWIFT, JONATHAN
260 _aانجلترا :
_bHOLLAND ENTERPRISES LTD.
300 _a21 CM ؛
_c184 P
490 _aSUPER CLASSICS
_v0
650 0 4 _aENGLISH LITERATURE
650 0 4 _aENGLISH FICTION
650 0 4 _aCHILDREN - STORIES
942 _2ddc
_cBK
999 _c4811
_d4811